| Tag |
First Indicator |
Second Indicator |
Subfields |
| LEADER |
00000cam a2200000 a 4500 |
| 001 |
in00000019083 |
| 005 |
20151007054146.0 |
| 008 |
880613s1988 gw 00010 ger d |
| 020 |
|
|
|a 3630617824
|
| 035 |
|
|
|a (OCoLC)18078228
|
| 035 |
|
|
|9 AAB4167AM
|
| 040 |
|
|
|a WAU
|c WAU
|d TXA
|d UtOrBLW
|
| 043 |
|
|
|a e-gx---
|a e-gw---
|
| 049 |
|
|
|a TXAM
|c [A12592840]
|
| 050 |
|
4 |
|a DD76
|b .S35 1988
|
| 100 |
1 |
|
|a Schneider, Peter,
|d 1940-
|
| 245 |
1 |
0 |
|a Deutsche Ängste :
|b sieben Essays /
|c Peter Schneider.
|
| 250 |
|
|
|a Originalausg.
|
| 264 |
|
1 |
|a Darmstadt :
|b Luchterhand,
|c [1988]
|
| 264 |
|
4 |
|c ©1988
|
| 300 |
|
|
|a 120 pages ;
|c 18 cm.
|
| 336 |
|
|
|a text
|b txt
|2 rdacontent
|
| 337 |
|
|
|a unmediated
|b n
|2 rdamedia
|
| 338 |
|
|
|a volume
|b nc
|2 rdacarrier
|
| 490 |
0 |
|
|a Sammlung Luchterhand,
|v 782
|
| 500 |
|
|
|a "März 1988."
|
| 650 |
|
0 |
|a National characteristics, German.
|
| 651 |
|
0 |
|a Germany (West)
|x Politics and government.
|
| 999 |
|
|
|a MARS
|
| 999 |
f |
f |
|s 91ad2d75-4518-3a5b-8ef0-28bda22aba1a
|i 49949f04-1506-3b7a-b647-9e36b3f0b034
|t 0
|
| 952 |
f |
f |
|p ric
|a Texas A&M University
|b Rellis Campus
|c Joint Library Facility
|d Remote Storage
|t 0
|e DD76 .S35 1988
|h Library of Congress classification
|i unmediated -- volume
|m A14812592840
|
| 998 |
f |
f |
|a DD76 .S35 1988
|t 0
|l Remote Storage
|